Toddlers learn by doing : toddler activities and parent/teacher activity log

Bibliographic Details
Main Author: Schrank, Rita
Format: Book
Published: United States Of America : Humanic Limited , 1992
Subjects:

MARC

LEADER 00000cam a2200000 7i4500
001 0000007927
002 000008501
005 20000330.0
020 |a 0893340855 
090 0 0 |a 790.922   |b SCH 
100 1 |a Schrank, Rita 
245 1 0 |a Toddlers learn by doing :   |b toddler activities and parent/teacher activity log   |c Rita Schrank 
260 |a United States Of America :   |b Humanic Limited ,   |c 1992 
300 |a 143 p. :   |b ill. ;   |c 28 cm. 
650 0 0 |a Toddler   |x Education (Preschool) 
999 |a 040287   |b BUKU   |c PINJAMAN   |e PERPUSTAKAAN KOMUNITI PETALING JAYA 
999 |a 040288   |b BUKU   |c PINJAMAN   |e PERPUSTAKAAN KOMUNITI PETALING JAYA